| 000 | 00847nam a2200265 4500 | ||
|---|---|---|---|
| 003 | OSt | ||
| 005 | 20260530113859.0 | ||
| 008 | 260430t2006 bl a|||| |||| 00| 0 eng d | ||
| 020 | _a8586518565 | ||
| 040 |
_aICI _bspa _cICI |
||
| 041 | _aeng | ||
| 050 | 4 |
_aNK2461.B73 _bS253 |
|
| 100 | 1 |
_aBorges, Adelia, _eautor _932142 |
|
| 245 | 1 | 0 |
_aClaudia Moreira Salles : _bdesigner / _cAdelia Borges. |
| 264 | 1 |
_aSão Paulo : _bBEI, _c2005 |
|
| 300 |
_a160 páginas _bilustraciones (color) |
||
| 336 |
_atexto _2rdacontent |
||
| 337 |
_asin medio _2rdamedia |
||
| 338 |
_avolumen _2rdacarrier |
||
| 490 | _aColeção Designers Brasileiros | ||
| 600 | 1 |
_aMoreira Salles, Claudia, _d1955- _xCrítica e interpretación _932143 |
|
| 650 | 1 | 4 |
_aDiseño de muebles _ySiglo XX _zBrasil _932144 |
| 650 | 1 | 4 |
_aMuebles _vCatálogos _zBrasil _932145 |
| 942 |
_2lcc _cBK _n1 |
||
| 999 |
_c11738 _d11738 |
||